000 00520nam a2200205Ia 4500
003 OSt
005 20230511112432.0
008 210423s2009 xx 000 0 und d
020 _a9780195696578
040 _cAL
041 _aeng
082 _a660.65 RASS
_223
100 _aRASTOGI (Smita);PATHAK (Neelam).
_9102677
245 _aGenetic engineering.
260 _aOxford
_bOxford University Press
_c2009
300 _axiv,745
_bPB
365 _b495
_cINR
906 _aengineering. ; Genetic
942 _2ddc
_cBK
999 _c164615
_d164615